[Event "Open"]
[Site "Portsmouth ENG"]
[Date "2003.02.22"]
[Round "2"]
[White "Buckley,Si"]
[Black "Gormally,D"]
[Result "0-1"]
[WhiteElo "2266"]
[BlackElo "2479"]

1.d4 Nf6 2.Bg5 Ne4 3.Bf4 c5 4.f3 Qa5+ 5.c3 Nf6 6.d5 Qb6 7.Bc1 e6 8.c4 exd5
9.cxd5 c4 10.e3 Bc5 11.Kf2 O-O 12.Bxc4 d6 13.Ne2 Nbd7 14.Nbc3 Ne5 15.Na4 Qb4
16.b3 b5 17.a3 Qa5 18.b4 Qxa4 19.Bb3 Qa6 20.bxc5 dxc5 21.e4 Bd7 22.Bf4 Rfe8
23.h3 Ng6 24.Be3 Nxe4+ 25.fxe4 Qf6+ 26.Kg1 Rxe4 27.Bxc5 Rae8 28.Bd4 Qg5 29.Qc1 Qd8
30.Qf1 Rxe2 31.d6 Nh8 32.Qf3 Rd2 33.Qf4 Ree2 34.Rh2 Qe8 35.Rf1 Bc6 36.Bf2 Ng6
37.Bxf7+ Qxf7 38.Qxf7+ Kxf7 39.Be3+ Ke6 40.Bxd2 Rxd2 41.g3 Rxh2 42.Kxh2 Ne5
43.g4 Kxd6 44.Rf8 a5 45.Rg8 g6 46.Rh8 Nc4 47.Rxh7 Nxa3 48.Ra7 Nc4 49.h4 b4
50.h5 gxh5 51.gxh5 b3 52.h6 b2  0-1

[Event "TCh-BEL 2002-3"]
[Site "Belgium BEL"]
[Date "2003.02.23"]
[Round "9"]
[White "Dal Borgo,A"]
[Black "Michiels,R"]
[Result "1-0"]
[WhiteElo "2224"]
[BlackElo "2136"]

1.d4 Nf6 2.Bg5 Ne4 3.Bf4 d5 4.e3 e6 5.Nd2 Bd6 6.Bxd6 cxd6 7.Nxe4 dxe4 8.Qg4 Qa5+
9.c3 Qb6 10.Rb1 O-O 11.Qxe4 f5 12.Qc2 Nc6 13.Nf3 Bd7 14.Bd3 Rac8 15.Qe2 Qa5
16.a3 Rf6 17.O-O Re8 18.Bc4 d5 19.Bd3 Qd8 20.c4 Rh6 21.b4 g5 22.cxd5 exd5
23.b5 g4 24.bxc6 gxf3 25.Qxf3 bxc6 26.Rb7 Re7 27.Qg3+ Rg6 28.Rb8 Bc8 29.Qf4  1-0

[Event "Open"]
[Site "Portsmouth ENG"]
[Date "2003.02.23"]
[Round "6"]
[White "Buckley,Si"]
[Black "Lappage,J"]
[Result "1/2-1/2"]
[WhiteElo "2266"]
[BlackElo "2208"]

1.d4 Nf6 2.Bg5 Ne4 3.Bf4 c5 4.f3 Qa5+ 5.c3 Nf6 6.d5 Qb6 7.b3 e6 8.e4 exd5
9.exd5 Bd6 10.Bg5 Be7 11.Bf4  1/2-1/2

[Event "6th Open"]
[Site "Malaga ESP"]
[Date "2003.02.26"]
[Round "6"]
[White "Bellon Lopez,JuM"]
[Black "Olsen,P"]
[Result "1-0"]
[WhiteElo "2428"]
[BlackElo "2270"]

1.d4 Nf6 2.Bg5 Ne4 3.Bh4 g5 4.f3 gxh4 5.fxe4 c5 6.e3 Qb6 7.Nc3 e6 8.Nf3 Nc6
9.d5 Ne7 10.d6 Ng6 11.Nb5 Rb8 12.Ng5 Ne5 13.Qh5 Bxd6 14.O-O-O Bc7 15.Be2 Ng6
16.Rhf1 Be5 17.Nxf7 c4 18.Qg5  1-0

[Event "X Anibal Open"]
[Site "Linares ESP"]
[Date "2003.03.02"]
[Round "3"]
[White "Delchev,A"]
[Black "Del Rio Angelis,S"]
[Result "1/2-1/2"]
[WhiteElo "2583"]
[BlackElo "2487"]

1.d4 Nf6 2.Bg5 Ne4 3.Bf4 c5 4.f3 Qa5+ 5.c3 Nf6 6.Nd2 cxd4 7.Nb3 Qb6 8.Qxd4 Nc6
9.Qxb6 axb6 10.Be3 b5 11.Bd2 e5 12.e4 b4 13.Bb5 bxc3 14.Bxc3 d5 15.exd5 Nxd5
16.Bxe5 Bb4+ 17.Kf2 O-O 18.Bxc6 bxc6 19.a3 Re8 20.Nh3 Rxe5 21.axb4 Rb8 22.g4 h5
23.Rhe1 Nxb4 24.Nf4 Rxe1 25.Rxe1 Kf8 26.gxh5 Nd5 27.Nxd5 Rxb3 28.Nf4 Rxb2+
29.Kg3 Bf5 30.Ra1 Ke7 31.Ra8 Kf6 32.h4 c5 33.Ra6+ Ke5 34.Ra7 Kf6 35.Nd5+ Ke5
36.Nf4 Kf6 37.Nd5+ Ke5  1/2-1/2

[Event "Victor Ciocaltea Mem"]
[Site "Bucharest ROM"]
[Date "2003.03.11"]
[Round "8"]
[White "Grigore,Ge"]
[Black "Manolache,M"]
[Result "1-0"]
[WhiteElo "2482"]
[BlackElo "2430"]

1.d4 Nf6 2.Bg5 Ne4 3.Bf4 c5 4.f3 Qa5+ 5.c3 Nf6 6.Nd2 cxd4 7.Nb3 Qb6 8.Qxd4 Nc6
9.Qxb6 axb6 10.Be3 Na5 11.Nxa5 bxa5 12.Bd4 d6 13.e4 e5 14.Bf2 Be6 15.Bb5+ Bd7
16.Bxd7+ Nxd7 17.Ne2 Be7 18.c4 O-O 19.Nc3 f5 20.exf5 Rxf5 21.O-O Rc8 22.b3 h5
23.Rad1 Rc6 24.Rd5 b6 25.Rfd1 Nc5 26.Nb5 Rf6 27.Bh4 Re6 28.Bxe7 Rxe7 29.Nxd6 e4
30.Re1 a4 31.Nxe4 axb3 32.axb3 Kf7 33.Kf2 g6 34.Nxc5 Rxe1 35.Kxe1 bxc5 36.Kd2 Ra6
37.Ke3 Ra2 38.g3 Rb2 39.Rxc5 Rxb3+ 40.Kf4 Rb2 41.Rc7+ Kf6 42.Rc6+ Kf7 43.Kg5 Rxh2
44.Rf6+ Ke7 45.Rxg6 Rh3 46.Kf4 h4 47.g4 Rh1 48.Rh6 Kf7 49.c5 Kg7 50.Rh5  1-0

[Event "19th Open"]
[Site "Bad Woerishofen GER"]
[Date "2003.03.15"]
[Round "3"]
[White "Miladinovic,I"]
[Black "Pfrommer,C"]
[Result "1-0"]
[WhiteElo "2526"]
[BlackElo "2293"]

1.d4 Nf6 2.Bg5 Ne4 3.h4 c5 4.dxc5 Qa5+ 5.Nd2 Nxg5 6.hxg5 g6 7.c3 Qxc5 8.Ngf3 Bg7
9.a4 O-O 10.a5 d5 11.Qa4 Nc6 12.Nb3 Qc4 13.Qa3 Qg4 14.g3 e5 15.Nc5 Nxa5 16.Rh4 Nc4
17.Qb3 Qf5 18.Bh3 Qxh3 19.Rxh3 Bxh3 20.Qxb7 e4 21.Qxd5 exf3 22.Qxc4 fxe2
23.Qxe2 Rfe8 24.Ne4 h6 25.Rxa7 Rad8 26.gxh6 Bxh6 27.Nf6+ Kf8 28.Nxe8 Rxe8
29.Qxe8+ Kxe8 30.Ra8+  1-0

[Event "Tch-SWE 2002-3"]
[Site "Sweden SWE"]
[Date "2003.03.15"]
[Round "10"]
[White "Hellborg,T"]
[Black "Thornert,H"]
[Result "1-0"]
[WhiteElo "2240"]
[BlackElo "2205"]

1.d4 Nf6 2.Bg5 Ne4 3.Bh4 c5 4.f3 g5 5.fxe4 gxh4 6.e3 Bh6 7.Kf2 cxd4 8.exd4 e5
9.Bc4 Nc6 10.Qh5 Qf6+ 11.Nf3 exd4 12.Bxf7+ Qxf7 13.Qxh6 h3 14.Nd2 Ne5 15.Qd6 Ng4+
16.Ke2 b6 17.Qxd4 Ba6+ 18.Kd1 hxg2 19.Rg1 Rg8 20.h3 Nf6 21.a4 d5 22.a5 dxe4
23.Nxe4 Rd8 24.Nd6+ Rxd6 25.Qxd6 Bf1 26.axb6 Nd7 27.Ra3 Qc4 28.Re3+ Kd8 29.bxa7 Qa4
30.Qb8+ Nxb8 31.axb8=Q+ Kd7 32.Qxg8  1-0

[Event "19th Open"]
[Site "Bad Woerishofen GER"]
[Date "2003.03.17"]
[Round "5"]
[White "Miladinovic,I"]
[Black "Teske,H"]
[Result "1/2-1/2"]
[WhiteElo "2526"]
[BlackElo "2531"]

1.d4 Nf6 2.Bg5 Ne4 3.Bf4 d5 4.Nd2 Bf5 5.Nxe4 Bxe4 6.e3 e6 7.f3 Bg6 8.h4 h6
9.h5 Bh7 10.Bd3 Bxd3 11.Qxd3 c5 12.c3 Nc6 13.Ne2 cxd4 14.exd4 Bd6 15.Be3 Qc7
16.g4 b5 17.Kf2 Rb8 18.b4 a5 19.a3 Ne7 20.Qd2 Rc8 21.Rhg1 f6 22.a4 bxa4 23.Rxa4 axb4
24.cxb4 Kf7 25.Ra6 Ra8 26.b5 Rxa6 27.bxa6 Ra8 28.Ra1 Qc4 29.a7 Qc7 30.Qa2 Nc8
31.Rc1 Qd7 32.Qc2 Ne7 33.Bxh6 Kg8 34.Be3 Rxa7 35.Rb1 Qc7 36.Qxc7 Rxc7 37.Bf4 e5
38.Bg3 Kf7 39.Rb6 Rc6 40.Rb2 Ke6 41.f4 Rc4 42.Rb7 Rc7 43.Rb6 Rc6 44.Rb3 Rc4
45.Rb7 Rc7 46.Rb6 Rc6 47.Rb7  1/2-1/2

[Event "29th ch-BAN"]
[Site "Dhaka BAN"]
[Date "2003.03.30"]
[Round "3"]
[White "Rahman,Tai"]
[Black "Hossain,P"]
[Result "1/2-1/2"]
[WhiteElo "2300"]
[BlackElo "2217"]

1.d4 Nf6 2.Bg5 Ne4 3.Bf4 d5 4.e3 c5 5.Nd2 Nxd2 6.Qxd2 Nc6 7.Nf3 Qb6 8.c3 Bf5
9.Nh4 Be6 10.Bd3 g6 11.O-O Bg7 12.Bg3 O-O 13.f4 c4 14.Be2 f5 15.Nf3 a5 16.h4 h5
17.Ne5 Nxe5 18.fxe5 a4 19.a3 Qc6 20.Bf4 Kf7 21.Rf3 Rh8 22.Raf1 Rag8 23.Rg3 Bh6
24.Bxh6 Rxh6 25.e4 Rh7 26.exf5 Bxf5 27.Bd1 e6 28.Bc2 Kf8 29.Qg5 Rf7 30.Bxf5 exf5
31.Re1 Qe6 32.Qd8+ Kg7 33.Qa5 Qc6 34.Kf2 Re8 35.Rge3 b6 36.Qb4 Re6 37.R1e2 Ra7
38.Kf3 Ra5 39.Kf4 Qd7 40.Rg3 Qa7 41.Rg5 Qf7 42.Re3 Ra8 43.Reg3 Kh7 44.Qb5 Rh8
45.Qb4 Ra8 46.Rf3 Ra5 47.Ke3 Qe8 48.Rfg3 Rb5 49.Qxa4 Rxe5+ 50.dxe5 d4+ 51.cxd4 Rxe5+
52.dxe5 Qxa4 53.Rxg6 f4+ 54.Kxf4 c3+ 55.Kf5 Qc2+ 56.Kf6 cxb2 57.Rg7+ Kh6
58.R7g6+ Qxg6+ 59.Rxg6+ Kh7 60.Rg7+ Kh8 61.e6 b1=Q 62.Rg5 Qb2+ 63.Re5 Qf2+
64.Rf5 Qxh4+ 65.Rg5 Kh7 66.g3 Qd4+ 67.Re5 Qf2+ 68.Rf5 Qd4+ 69.Re5 Qf2+ 70.Rf5 Qb2+
71.Re5 Qxa3 72.e7 Qd6+ 73.Re6 Qd4+ 74.Re5 Qd6+ 75.Re6  1/2-1/2

[Event "XII It III"]
[Site "Dos Hermanas ESP"]
[Date "2003.04.01"]
[Round "4"]
[White "Razmyslov,A"]
[Black "Rodriguez Aguilera,A"]
[Result "0-1"]
[WhiteElo "2345"]
[BlackElo "2297"]

1.d4 Nf6 2.Bg5 Ne4 3.Bf4 c5 4.dxc5 Nxc5 5.Nc3 Nc6 6.e4 g6 7.Qd2 Bg7 8.Bc4 d6
9.Nge2 Be6 10.Bxe6 Nxe6 11.Bh6 Bxh6 12.Qxh6 Qa5 13.O-O Qg5 14.Qh3 O-O 15.Rad1 f5
16.f4 Qf6 17.Ng3 Ng7 18.exf5 Nxf5 19.Nge4 Qg7 20.Ng5 Nfd4 21.Rf2 Rf5 22.Qe3 e5
23.Nce4 exf4 24.Qa3 d5 25.Nc5 Rxg5 26.c3 b6 27.cxd4 bxc5 28.dxc5 Re8 29.b4 Rge5
30.Rxf4 Re1+ 31.Rxe1 Rxe1+ 32.Kf2 Qe5 33.Qf3 Re2+ 34.Kf1 Rxa2 35.Rf8+ Kg7
36.Rf7+ Kh6 37.Qf4+ Qxf4+ 38.Rxf4 Rb2 39.Rf7 Nxb4 40.Rxa7 Nd3 41.Ra1 Rf2+
42.Kg1 Rc2 43.Rd1 Nf4 44.g3 Nh3+ 45.Kf1 Rxc5  0-1

[Event "Team Cup"]
[Site "Belgrade YUG"]
[Date "2003.04.04"]
[Round "1"]
[White "Stosic,S"]
[Black "Cukic,G"]
[Result "1-0"]
[WhiteElo "2226"]
[BlackElo "2029"]

1.d4 Nf6 2.Bg5 Ne4 3.Bh4 g5 4.f3 gxh4 5.fxe4 d5 6.exd5 Qxd5 7.Nc3 Qh5 8.Qd3 Bh6
9.e3 Bd7 10.Be2 Qg6 11.Nf3 c6 12.Qd2 Qe6 13.Ne5 Qd6 14.Bc4 Rf8 15.Ne4 Qc7
16.O-O f6 17.Qe2 Kd8 18.Nf7+ Rxf7 19.Bxf7 Na6 20.Rad1 Qa5 21.c3 Nc7 22.Nc5 Bg5
23.Nxb7+  1-0

[Event "Team Cup"]
[Site "Belgrade YUG"]
[Date "2003.04.05"]
[Round "2"]
[White "Paunovic,T"]
[Black "Arsovic,G"]
[Result "0-1"]
[WhiteElo "2370"]
[BlackElo "2451"]

1.d4 Nf6 2.Bg5 Ne4 3.h4 c5 4.dxc5 Qa5+ 5.Nd2 Nxg5 6.hxg5 g6 7.c3 Qxc5 8.Ngf3 Bg7
9.e3 Nc6 10.Qb3 d5 11.Nd4 a6 12.N2f3 Na5 13.Qb4 Qc7 14.O-O-O e6 15.Nb3 Nxb3+
16.axb3 Bd7 17.Nd4 Bf8 18.Nxe6 Bxe6 19.Qd4 Rg8 20.Rxh7 Bc5 21.Qa4+ Qc6 22.Qf4 O-O-O
23.Bd3 Bd6 24.Qh4 Kb8 25.Bc2 Ka8 26.g4 Bc5 27.Qh3 Qc8 28.Rg1 Rh8 29.Rh6 Rhe8
30.Kb1 Re7 31.Rh7 Rde8 32.Qf3 Qc7 33.Rgh1 Rd7 34.Qh3 Rde7 35.Qf3 Qd8 36.Qf6 Qd7
37.Rh8 Bxg4 38.R1h7 Be6 39.b4 Bd6 40.f4 Rxh8 41.Rxh8+ Re8 42.Rh7 Qd8 43.Qd4 Bb8
44.b5 axb5 45.Bd3 Qd7 46.Ka1 Bf5  0-1

[Event "Team Cup"]
[Site "Belgrade YUG"]
[Date "2003.04.08"]
[Round "5"]
[White "Vasiljevic,D"]
[Black "Zivkovic,S"]
[Result "1/2-1/2"]
[WhiteElo "2351"]
[BlackElo "2251"]

1.d4 Nf6 2.Bg5 Ne4 3.Bf4 c5 4.f3 Qa5+ 5.c3 Nf6 6.d5 b5 7.e4 d6 8.Nd2 Ba6
9.Nh3 g6 10.a4 b4 11.Nb3 Qb6 12.a5 Qb7 13.c4 Bg7 14.Qc1 Nbd7 15.Be2 O-O 16.O-O Qc7
17.Nf2 Rad8 18.Re1 e5 19.Bg5 Rde8 20.Bd3 Bc8 21.Qc2 Nh5 22.g3 Nb8 23.Ng4 Kh8
24.Nh6 f6 25.Bd2 Bh3 26.Ng4 Qc8 27.Nf2 Bd7 28.Kg2 f5  1/2-1/2

[Event "ch-POLJ u20"]
[Site "Jarnoltowek POL"]
[Date "2003.04.13"]
[Round "9"]
[White "Dziuba,M"]
[Black "Moranda,W"]
[Result "1-0"]
[WhiteElo "2450"]
[BlackElo "2329"]

1.d4 Nf6 2.Bg5 Ne4 3.Bf4 c5 4.f3 Qa5+ 5.c3 Nf6 6.d5 Qb6 7.Bc1 e6 8.c4 d6
9.e4 g6 10.Ne2 Bg7 11.Nf4 e5 12.Nd3 Nh5 13.Nc3 Qd8 14.Be3 f5 15.exf5 Bxf5
16.Nf2 Bc8 17.g3 O-O 18.Bh3 Bxh3 19.Nxh3 h6 20.O-O Nd7 21.Qd2 Kh7 22.Kg2 Nhf6
23.Nf2 Qe7 24.Rae1 a6 25.a4 Rab8 26.b3 Rf7 27.h3 Rbf8 28.Qc2 Nh5 29.Ng4 Nhf6
30.Qd2 Nxg4 31.hxg4 e4 32.Nxe4 Rxf3 33.Rxf3 Qxe4 34.Bf4 Qd4  1-0

[Event "XXXIV Open"]
[Site "Mar del Plata ARG"]
[Date "2003.04.13"]
[Round "2"]
[White "Corsi,F"]
[Black "Pierrot,F"]
[Result "1-0"]
[WhiteElo "2160"]
[BlackElo "2426"]

1.d4 Nf6 2.Bg5 Ne4 3.Qc1 d5 4.Nc3 Bf5 5.Nxe4 Bxe4 6.c3 Nd7 7.e3 c6 8.f3 Bg6
9.f4 f6 10.Bh4 e6 11.Nf3 Bd6 12.Be2 O-O 13.O-O Qc7 14.c4 dxc4 15.Bxc4 Rae8
16.Qd2 Kh8 17.Rad1 Nb6 18.Bd3 Bxd3 19.Qxd3 c5 20.Bf2 Rd8 21.Qc2 Rc8 22.Qb3 c4
23.Qc2 Nd5 24.Qe4 Qd7 25.Rc1 b5 26.g4 Nb4 27.f5 Rfe8 28.fxe6 Rxe6 29.Qf5 g6
30.Qb1 Nd3 31.Rc2 Re4 32.h3 Rxg4+ 33.hxg4 Qxg4+ 34.Bg3 Qxg3+ 35.Rg2 Qh3 36.b3 Qe6
37.bxc4 Qxe3+ 38.Kh1 bxc4 39.Qb7 Rf8 40.Qd7 Bb8 41.Ng5  1-0

[Event "6th St Quentin Open"]
[Site "Elancourt FRA"]
[Date "2003.04.16"]
[Round "6"]
[White "Legky,N"]
[Black "Te Llalemand,R"]
[Result "1-0"]
[WhiteElo "2497"]
[BlackElo "2291"]

1.d4 Nf6 2.Bg5 Ne4 3.Bf4 c5 4.f3 Qa5+ 5.c3 Nf6 6.d5 d6 7.e4 g6 8.Qd2 h6 9.Na3 Nbd7
10.Nh3 a6 11.Nc4 Qc7 12.a4 Nb6 13.Nf2 Nxc4 14.Bxc4 Bg7 15.O-O h5 16.Rfe1 Nd7
17.h3 b6 18.Bg5 f6 19.Be3 Ne5 20.Ba2 g5 21.Nd3 g4 22.hxg4 hxg4 23.f4 Nxd3
24.Qxd3 Bb7 25.Bc4 f5 26.exf5 Bf6 27.g3 Qd7 28.Qe4 Rh5 29.Be2 Qxf5 30.Qxf5 Rxf5
31.c4 Rh5 32.Bxg4 Rh8 33.Be6 Bc8 34.Bf2 Bxb2 35.Bxc8 Rxc8 36.Rab1 Bc3 37.Re6 Bb4
38.Kg2 Kd7 39.g4 Rcf8 40.f5 Rfg8 41.Re4 Rh7 42.Bg3 Rhg7 43.Kf3 b5 44.axb5 axb5
45.cxb5 Rb8 46.Ra1 Rb7 47.b6 Bc3 48.Ra7 Kc8 49.Bxd6 Rxb6 50.Bxc5 Rb3 51.Re3 Rh7
52.Raxe7  1-0

[Event "XXXIV Open"]
[Site "Mar del Plata ARG"]
[Date "2003.04.16"]
[Round "6"]
[White "Stefanova,A"]
[Black "Lamperti,J"]
[Result "1-0"]
[WhiteElo "2550"]
[BlackElo "2155"]

1.d4 Nf6 2.Bg5 Ne4 3.Bf4 g6 4.f3 Nf6 5.e4 d6 6.Nc3 Bg7 7.Qd2 c6 8.Bh6 Bxh6
9.Qxh6 Qb6 10.O-O-O Na6 11.Bc4 Qa5 12.Nge2 Rg8 13.Nf4 Nc7 14.Rhe1 Ne6 15.e5 d5
16.exf6 dxc4 17.Qxh7  1-0

[Event "Commonwealth Ch"]
[Site "Mumbai IND"]
[Date "2003.04.25"]
[Round "8"]
[White "Gupta,A"]
[Black "Ramesh,R"]
[Result "0-1"]
[WhiteElo "2335"]
[BlackElo "2444"]

1.d4 Nf6 2.Bg5 Ne4 3.Bf4 c5 4.f3 Qa5+ 5.c3 Nf6 6.Nd2 cxd4 7.Nb3 Qd8 8.cxd4 e6
9.e4 Bb4+ 10.Bd2 Be7 11.Bd3 b6 12.e5 Nd5 13.Ne2 Ba6 14.Be4 d6 15.O-O dxe5
16.dxe5 Nd7 17.Bxd5 exd5 18.Bc3 O-O 19.f4 Re8 20.Qxd5 Bxe2 21.e6 fxe6  0-1

[Event "3rd OUCC Open"]
[Site "Oxford ENG"]
[Date "2003.04.27"]
[Round "4"]
[White "Wells,P"]
[Black "Lappage,J"]
[Result "1-0"]
[WhiteElo "2487"]
[BlackElo "2208"]

1.d4 Nf6 2.Bg5 Ne4 3.Bf4 c5 4.f3 Qa5+ 5.c3 Nf6 6.Nd2 cxd4 7.Nb3 Qb6 8.Qxd4 Nc6
9.Qxb6 axb6 10.Nd4 e5 11.Nxc6 exf4 12.Nd4 d5 13.Kf2 Bd6 14.e3 fxe3+ 15.Kxe3 O-O
16.Bb5 Bd7 17.Nge2 Bc5 18.Kd2 Bxb5 19.Nxb5 Nd7 20.Kc2 Ne5 21.b3 Nc6 22.Rhd1 Rad8
23.Rd2 Rd7 24.Rad1 Rfd8 25.a3 Be3 26.Rd3 Bc5 27.Nf4 d4 28.cxd4 Nxd4+ 29.Nxd4 Rxd4
30.Rxd4 Bxd4 31.b4 Kf8 32.Kb3 Rd6 33.Ne2 Be5 34.Rxd6 Bxd6 35.g3 Ke7 36.Kc4 Kd7
37.Kb5 Bc7 38.Nc3 f5 39.Nd5 Bd8 40.Nxb6+ Ke6 41.Nc4  1-0

[Event "3rd OUCC Open"]
[Site "Oxford ENG"]
[Date "2003.04.27"]
[Round "5"]
[White "Bigg,A"]
[Black "Gwaze,R"]
[Result "1/2-1/2"]
[WhiteElo "2292"]
[BlackElo "2335"]

1.d4 Nf6 2.Bg5 Ne4 3.h4 c5 4.d5 g6 5.Nd2 Nxg5 6.hxg5 Bg7 7.c3 d6 8.e4 h6
9.Ngf3 Nd7 10.Bb5 a6 11.Bxd7+ Bxd7 12.Qe2 Qc7 13.Qe3 h5 14.O-O b5 15.Nh4 c4
16.f4 Qa7 17.Qxa7 Rxa7 18.Rae1 O-O 19.f5 Kh7 20.Kh2 Rc8 21.g4 hxg4 22.Kg3 gxf5
23.Nxf5 Be5+ 24.Kxg4 Bxf5+ 25.Kxf5 Re8 26.Nf3 Bg7 27.Rh1+ Kg8 28.g6 e6+ 29.dxe6 fxg6+
30.Kxg6 Rxe6+ 31.Kg5 b4 32.Nd4 Re5+ 33.Nf5 bxc3 34.bxc3 Ra5 35.Rb1 Rb5 36.Rbd1 Rd7
37.Kg6 Rb2 38.Nxg7 Rxg7+ 39.Kf6 Rf2+ 40.Ke6 Rg6+ 41.Kd5 Rxa2 42.Rhg1 Ra5+
43.Kxc4 Rxg1 44.Rxg1+ Kf7 45.Kd4 Ke6 46.Rg7 Ra1 47.Rg6+ Kd7 48.Rg5  1/2-1/2

[Event "8th Cvitanovic Mem"]
[Site "Spilt CRO"]
[Date "2003.05.01"]
[Round "4"]
[White "Brumen,D"]
[Black "Ljubicic,F"]
[Result "1-0"]
[WhiteElo "2371"]
[BlackElo "2406"]

1.d4 Nf6 2.Bg5 Ne4 3.Bf4 c5 4.f3 Nf6 5.d5 Qb6 6.Be5 e6 7.e4 Bd6 8.Bc3 Qc7
9.g3 exd5 10.Bxf6 gxf6 11.Qxd5 Nc6 12.Bc4 O-O 13.Nc3 Be5 14.Qd2 b5 15.Nxb5 Qb6
16.f4 Bxb2 17.Rb1 d5 18.Bxd5 Bd4 19.c3 Bxg1 20.Rxg1 Be6 21.Kf2 Bxd5 22.exd5 Na5
23.Nd4 Qd6 24.Nf5 Qd7 25.g4 Rfe8 26.Rbe1 Nc4 27.Qd3 Nb2 28.Qf3 c4 29.Kg3 Nd3
30.Rxe8+ Rxe8 31.d6 Qe6 32.Rb1 Ne1 33.Qc6 Nd3 34.Rf1 Qe2 35.Qf3 Qe6 36.Kh4 Nc5
37.Rd1 Nd3  1-0

[Event "National I"]
[Site "Clermont-Ferrand FRA"]
[Date "2003.05.11"]
[Round "11"]
[White "Rausis,I"]
[Black "Baklan,V"]
[Result "1/2-1/2"]
[WhiteElo "2533"]
[BlackElo "2607"]

1.d4 Nf6 2.Bg5 Ne4 3.Bh4 d5 4.Nd2 c5 5.dxc5 Nxc5 6.Ngf3 Nc6 7.e3 g6 8.Nb3 Bg7
9.Nxc5 Qa5+ 10.c3 Qxc5 11.Be2 O-O 12.O-O Bg4 13.h3 Bxf3 14.Bxf3 e6 15.Be2 Rac8
16.Qa4 a6 17.Rfd1 h6 18.Rac1 Be5 19.Qg4 Kh7 20.e4 h5  1/2-1/2

[Event "National I"]
[Site "Clermont-Ferrand FRA"]
[Date "2003.05.11"]
[Round "11"]
[White "Gouret,T"]
[Black "Bricard,E"]
[Result "1/2-1/2"]
[WhiteElo "2264"]
[BlackElo "2458"]

1.d4 Nf6 2.Bg5 Ne4 3.Bf4 c5 4.f3 Qa5+ 5.c3 Nf6 6.Nd2 cxd4 7.Nb3 Qd8 8.cxd4 d5
9.e3 e6 10.Bd3 Nc6 11.Ne2 Nh5 12.Bg3 Nxg3 13.hxg3 g6 14.Rc1 a6 15.Kf2 Bg7
16.f4 Ne7 17.Nc5 O-O 18.Qb3 b6 19.Na4 Rb8 20.Qc3 b5 21.Nc5 f6 22.Nb3 e5 23.Qc7 Bf5
24.Qxd8 Rfxd8 25.Bxf5 Nxf5 26.Rc7 Nd6 27.Nc5 Rdc8 28.Nxa6 Ne4+ 29.Kf3 Nd2+
30.Kf2 Ne4+ 31.Kf3 Nd2+ 32.Kf2  1/2-1/2

[Event "TCh-ESP"]
[Site "Lanzarote ESP"]
[Date "2003.05.13"]
[Round "8"]
[White "Bellon Lopez,JuM"]
[Black "Arizmendi Martinez,J"]
[Result "0-1"]
[WhiteElo "2422"]
[BlackElo "2516"]

1.d4 Nf6 2.Bg5 Ne4 3.Bh4 c5 4.f3 g5 5.fxe4 gxh4 6.e3 Bh6 7.Nd2 d5 8.Qh5 Bxe3
9.exd5 Nd7 10.Qxh4 Nf6 11.Ngf3 cxd4 12.Bc4 Rg8 13.O-O-O Rxg2 14.Rhf1 Qc7
15.Kb1 Bg4 16.d6 Qxd6 17.Bxf7+ Kxf7 18.Nc4 Qe6 19.Nxe3 Qxe3 20.Rde1 Bxf3
21.Qh3 Re2 22.Rxe2 Qxe2  0-1

[Event "TCh-RUS"]
[Site "Togliatti RUS"]
[Date "2003.05.19"]
[Round "4"]
[White "Roppel,K"]
[Black "Nevostrujev,V"]
[Result "0-1"]
[WhiteElo "2287"]
[BlackElo "2528"]

1.d4 Nf6 2.Bg5 Ne4 3.h4 c5 4.e3 Qa5+ 5.Nd2 cxd4 6.exd4 Nxg5 7.hxg5 Qxg5 8.Ngf3 Qa5
9.b4 Qxb4 10.Rb1 Qa5 11.Rb5 Qc7 12.Ng5 Nc6 13.Qf3 Nd8 14.Bd3 g6 15.Bc4 e6
16.Rxh7 Rxh7 17.Nxh7 Bg7 18.Nf6+ Kf8 19.Bd3 d5 20.Nh7+ Ke7 21.Qg4 Nc6 22.Nf3 Nxd4
23.Qg5+ Ke8 24.Nf6+ Kf8 25.Nh7+ Kg8 26.Rc5 Nxf3+ 27.gxf3 Qxc5  0-1

[Event "4th IECC"]
[Site "Istanbul TUR"]
[Date "2003.05.31"]
[Round "2"]
[White "Demir,G"]
[Black "Gashimov,V"]
[Result "0-1"]
[WhiteElo "2245"]
[BlackElo "2579"]

1.d4 Nf6 2.Bg5 Ne4 3.h4 c5 4.dxc5 Nc6 5.Nd2 Nxc5 6.e4 h6 7.Be3 e6 8.Ngf3 Be7
9.c3 d5 10.Qc2 O-O 11.O-O-O Qc7 12.exd5 exd5 13.Nb3 Nxb3+ 14.axb3 Bg4 15.Be2 Rac8
16.Nd4 Nb4 17.Qb1 Bxe2 18.Nxe2 Bf6 19.g4 Qa5 20.g5 Na2+ 21.Qxa2 Qxa2 22.gxf6 Rc6
23.fxg7 Rfc8 24.Kc2 Qa5 25.Rd3 Qb4 26.Bd4 Qb5 27.Nf4 a5 28.Ra1 Re8 29.Be3 Re5
30.Ra4 Rd6 31.Rad4 Rb6 32.b4 Rd6 33.bxa5 Qxa5 34.Rd2 Qa2 35.Nd3 Rf5 36.Nb4 Qa4+
37.Kb1 Qb5 38.Nd3 Rg6 39.Kc2 Rxg7 40.Rb4 Qc6 41.Bd4 Rg4 42.f3 Rxh4 43.Re2 Kh7
44.f4 Rg4 45.Kd2 Qc7 46.Be5 Qc8 47.Rd4 Qg8 48.Ne1 h5 49.Rxd5 f6 50.Rd7+ Rg7
51.Rxg7+ Qxg7 52.Bd4 h4 53.Rg2 Qh6 54.Be3 h3 55.Rh2 Rh5 56.Nf3 Qg6 57.c4 Kg7
58.Ke2 Kf7 59.Kf2 Rh8 60.Ne1 Qg4 61.Nf3 Rg8 62.Ke2 Qg3 63.Rf2 Re8 64.f5 Qf4  0-1

[Event "IEWCC"]
[Site "Istanbul TUR"]
[Date "2003.06.02"]
[Round "1"]
[White "Mamedjarova,Z"]
[Black "Cramling,P"]
[Result "0-1"]
[WhiteElo "2298"]
[BlackElo "2470"]

1.d4 Nf6 2.Bg5 Ne4 3.Bf4 c5 4.f3 Qa5+ 5.c3 Nf6 6.Nd2 cxd4 7.Nb3 Qf5 8.Qxd4 Nc6
9.Qd2 e5 10.Bg3 d5 11.e3 Be7 12.Bd3 Qe6 13.Ne2 O-O 14.O-O Nh5 15.e4 dxe4
16.fxe4 Qg6 17.Kh1 Bg4 18.Bf2 Rfd8 19.Be3 Rac8 20.Rae1 Rc7 21.Rf2 Rcd7 22.Nbc1 Bh4  0-1

[Event "4th IECC"]
[Site "Istanbul TUR"]
[Date "2003.06.05"]
[Round "6"]
[White "Aleksandrov,A"]
[Black "Kotronias,V"]
[Result "1-0"]
[WhiteElo "2650"]
[BlackElo "2597"]

1.d4 Nf6 2.Bg5 Ne4 3.Bf4 c5 4.f3 Qa5+ 5.c3 Nf6 6.Nd2 cxd4 7.Nb3 Qb6 8.Qxd4 Nc6
9.Qxb6 axb6 10.Nd4 e5 11.Nxc6 exf4 12.Nd4 Bd6 13.e4 fxe3 14.Nf5 Bc5 15.Nxg7+ Kf8
16.Nf5 d6 17.Bd3 b5 18.b4 Bb6 19.Ne2 Be6 20.O-O Bxf5 21.Bxf5 Ra3 22.Bc2 Nd5
23.Bb3 Nxc3 24.Nxc3 e2+ 25.Rf2 Bd4 26.Rc1 e1=Q+ 27.Rxe1 Bxc3 28.Re4 Rxb3
29.axb3 d5 30.Re3 Bxb4 31.Rc2 Kg7 32.Rd3 Rd8 33.Rd4 Ba5 34.Kf1 Kf6 35.Rc5 Ke5
36.Rh4 b6 37.Rxb5 Rc8 38.Rh5+ f5 39.g4  1-0

[Event "IV Open"]
[Site "Lido Estensi ITA"]
[Date "2003.06.06"]
[Round "1"]
[White "Skembris,S"]
[Black "Rigo,G"]
[Result "1-0"]
[WhiteElo "2448"]
[BlackElo "2055"]

1.d4 Nf6 2.Bg5 Ne4 3.h4 c5 4.dxc5 Qa5+ 5.Nd2 g6 6.c3 Nxg5 7.Nb3 Qc7 8.hxg5 Bg7
9.e3 b6 10.cxb6 axb6 11.Nf3 Na6 12.Rh4 Nc5 13.Bb5 Bb7 14.Nxc5 bxc5 15.Qd3 Bc6
16.Bxc6 Qxc6 17.a3 Ra4 18.Rxa4 Qxa4 19.Rd1 d6 20.Nd2 O-O 21.Qe4 Qb5 22.Nc4 Qb3
23.a4 e6 24.Rxd6 Qxa4 25.g4 Rb8 26.Qd3 Qa8 27.Ke2 Bf8 28.Rd7 Qg2 29.e4 Qxg4+
30.Qf3 Qxf3+ 31.Kxf3 h5 32.gxh6 Bxh6 33.Kg4 Bc1 34.Rd1 Bh6 35.e5 Kf8 36.Rd7 Bc1
37.Nd6 Rxb2 38.Rxf7+ Kg8 39.Rf6 Kh7 40.f4 Rg2+ 41.Kf3 Rh2 42.Ne4 Rh3+ 43.Kg4 Re3
44.Ng5+ Kh6 45.Rf7  1-0

[Event "4th IECC"]
[Site "Istanbul TUR"]
[Date "2003.06.07"]
[Round "8"]
[White "Moiseenko,A"]
[Black "David,Alb"]
[Result "1-0"]
[WhiteElo "2627"]
[BlackElo "2548"]

1.d4 Nf6 2.Bg5 Ne4 3.Bf4 c5 4.f3 Qa5+ 5.c3 Nf6 6.d5 Qb6 7.b3 d6 8.e4 g6 9.Bd3 Bg7
10.Ne2 O-O 11.Na3 Nbd7 12.Nc4 Qc7 13.a4 Nb6 14.Qd2 Nxc4 15.Bxc4 a6 16.a5 Bd7
17.Bh6 b5 18.axb6 Qxb6 19.Bxg7 Kxg7 20.O-O Bb5 21.Ng3 Bxc4 22.bxc4 Qb3 23.Qd3 Nd7
24.f4 Nb6 25.Rab1 Qxc4 26.Qf3 Rab8 27.f5 f6 28.fxg6 hxg6 29.Qg4 Nxd5 30.Nf5+ Kh7
31.Rbe1 Nxc3 32.Rf3 Ne2+ 33.Rxe2 Qc1+ 34.Kf2 Qg5 35.Qh3+ Kg8 36.Nxe7+  1-0

[Event "Golden Cleopatra"]
[Site "Cairo EGY"]
[Date "2003.06.11"]
[Round "10"]
[White "Atea,S"]
[Black "Hassan,Say"]
[Result "0-1"]
[WhiteElo "2289"]
[BlackElo "2325"]

1.d4 Nf6 2.Bg5 Ne4 3.Bf4 c5 4.f3 Qa5+ 5.c3 Nf6 6.d5 e6 7.e4 Qb6 8.Bc1 exd5
9.exd5 d6 10.c4 Be7 11.Nc3 O-O 12.Bd3 Nbd7 13.f4 Re8 14.Qf3 Nf8 15.Nge2 Ng6
16.Bxg6 hxg6 17.O-O Bg4 18.Qd3 Bf5 19.Qd1 Ne4 20.Nxe4 Bxe4 21.Ng3 Bf6 22.Nxe4 Rxe4
23.Qc2 Rae8 24.Rb1 Qb4 25.b3 Re2 26.Qd3 Rxa2 27.f5 g5 28.Kh1 Ree2 29.Be3 Rxg2
30.Qe4 Rxh2+ 31.Kg1 Rag2+ 32.Qxg2 Rxg2+ 33.Kxg2 Qc3 34.Bf2 Qd3 35.Rfe1 Qxf5  0-1

[Event "IV Open"]
[Site "Lido Estensi ITA"]
[Date "2003.06.12"]
[Round "6"]
[White "Brumen,D"]
[Black "De Vita,I"]
[Result "1-0"]
[WhiteElo "2371"]
[BlackElo "2158"]

1.d4 Nf6 2.Bg5 Ne4 3.Bf4 c5 4.f3 Qa5+ 5.c3 Nf6 6.Nd2 cxd4 7.Nb3 Qb6 8.Qxd4 Nc6
9.Qxb6 axb6 10.e4 e5 11.Be3 d5 12.O-O-O Be6 13.Kb1 dxe4 14.fxe4 Nxe4 15.Bxb6 Be7
16.Nf3 O-O 17.Bd3 Nf6 18.Bc2 Nd5 19.Bf2 Nf4 20.Rhg1 f5 21.Be3 Nd5 22.Bg5 e4
23.Bxe7 Ndxe7 24.Nfd4 Nxd4 25.Rxd4 Rfd8 26.a4 Rxd4 27.Nxd4 Bd5 28.g3 g6 29.b3 Nc6
30.Nb5 Rc8 31.g4 Ne7 32.c4 Bc6 33.Nd4 Kf7 34.Rf1 Kf6 35.Nxc6 Nxc6 36.gxf5 gxf5
37.Bxe4 Nd4 38.Bd3 Rg8 39.Kb2 Ke5 40.Kc3 Rg5 41.Re1+  1-0

[Event "IV Open"]
[Site "Lido Estensi ITA"]
[Date "2003.06.14"]
[Round "8"]
[White "Franchini,G"]
[Black "Isonzo,D"]
[Result "0-1"]
[WhiteElo "2178"]
[BlackElo "2340"]

1.d4 Nf6 2.Bg5 Ne4 3.Bf4 c5 4.f3 Qa5+ 5.c3 Nf6 6.Nd2 cxd4 7.Nb3 Qb6 8.Qxd4 Nc6
9.Qxb6 axb6 10.e4 e5 11.Bg5 h6 12.Bxf6 gxf6 13.Bc4 f5 14.exf5 d6 15.g4 h5
16.h3 hxg4 17.fxg4 Ra4 18.Nd2 b5 19.b3 Ra5 20.b4 Ra3 21.Nb1 Ra8 22.Bxb5 d5
23.Nf3 Bg7 24.O-O Rxh3 25.Kg2 Rh8 26.Nbd2 Bd7 27.Nb3 e4 28.Nfd4 Bxd4 29.Nxd4 Nxd4
30.Bxd7+ Kxd7  0-1